000 00841nam a2200253 i 4500
003 DO-SdBNP
005 20240201100246.0
007 ta
008 240201b202? dr a|||| |||| 00| 0 spa d
040 _aDO-SdBNP
_bspa
_cBNPHU
_erda
082 4 _222
100 _aFernández, Miguel Ángel,
_eautor
_984827
245 1 3 _aLa escuela a contra corriente :
_bprivatización y otras olas /
_cMiguel Ángel Fernández
264 _aSanto Domingo :
_beditor no identificado,
_c202?.
300 _a275 páginas :
_bilustraciones,
_c23 cm.
336 _2rdacontent
_atexto
_btxt
337 _2rdamedia
_asin mediación
_bn
338 _2rdacarrier
_avolumen
_bnc
500 _aIncluye datos biográficos del autor en las solapas
504 _aBibliografía : p. 273-275
590 _aInventariado, 2024/BT
910 _aBtavárez
942 _2ddc
_cLBS1
999 _c55748
_d55748